000 00229nam a22000857a 4500
008 161108b xxu||||| |||| 00| 0 eng d
100 _91102
_aGopinath. G
245 _aThe Brain : A Precious Possession
260 _aNew Delhi
_bN B T
_c2006
999 _c3763
_d3763